header

Politics and society in Western Europe (Record no. 213393)

MARC details
000 -LEADER
fixed length control field 01465nam a2200385 a 4500
082 04 - DEWEY DECIMAL CLASSIFICATION NUMBER
Classification number 320.3/094
100 1# - MAIN ENTRY--AUTHOR NAME
Personal name Lane, Jan-Erik.
245 10 - TITLE STATEMENT
Title Politics and society in Western Europe
250 ## - EDITION STATEMENT
Edition statement 4th ed.
260 ## - PUBLICATION, DISTRIBUTION, ETC. (IMPRINT)
Place of publication London ;
-- Thousand Oaks, Calif. :
Name of publisher Sage Publications,
Year of publication 1999.
300 ## - PHYSICAL DESCRIPTION
Number of Pages x, 386 p. :
Other physical details ill.
505 0# - FORMATTED CONTENTS NOTE
Formatted contents note pt. 1. Civil society -- pt. 2. Government -- pt. 3. Outcomes.
650 #0 - SUBJECT ADDED ENTRY--TOPICAL TERM
Topical Term Comparative government.
700 1# - ADDED ENTRY--PERSONAL NAME
Personal name Ersson, Svante O.
856 40 - ELECTRONIC LOCATION AND ACCESS
Uniform Resource Identifier http://site.ebrary.com/lib/rucke/Doc?id=10369721

No items available.

© 2026 Rongo University
Contact us: librarian | system librarian | Rongo university